GETS Theological Seminary Library

追寻差传足迹: (Record no. 21622)

MARC details
000 -LEADER
fixed length control field 00684nam a2200205Ia 4500
008 - FIXED-LENGTH DATA ELEMENTS--GENERAL INFORMATION
fixed length control field 200826s9999||||xx |||||||||||||| ||und||
020 ## - INTERNATIONAL STANDARD BOOK NUMBER
International Standard Book Number 7549504601
020 ## - INTERNATIONAL STANDARD BOOK NUMBER
International Standard Book Number 9787549504602
041 ## - LANGUAGE CODE
Language code of text/sound track or separate title chi
050 ## - LIBRARY OF CONGRESS CALL NUMBER
Classification number BV3415
Item number .L495 2011
100 ## - MAIN ENTRY--PERSONAL NAME
Personal name 林美玫
245 #0 - TITLE STATEMENT
Title 追寻差传足迹:
Remainder of title 美国圣公会在华差传探析(1835-1920) /
Statement of responsibility, etc. 林美玫
246 ## - VARYING FORM OF TITLE
Title proper/short title 追尋差傳足跡 :
Remainder of title 美國聖公會在華差傳探析(1835-1920)/
260 ## - PUBLICATION, DISTRIBUTION, ETC.
Place of publication, distribution, etc. 桂林:
Name of publisher, distributor, etc. 广西师范大学出版社,
Date of publication, distribution, etc. 2011
300 ## - PHYSICAL DESCRIPTION
Extent 2, 349 p.
Other physical details ;
Dimensions 21 cm.
650 ## - SUBJECT ADDED ENTRY--TOPICAL TERM
Topical term or geographic name entry element Christianity China.
650 ## - SUBJECT ADDED ENTRY--TOPICAL TERM
Topical term or geographic name entry element Episcopal Church Missions China.
650 ## - SUBJECT ADDED ENTRY--TOPICAL TERM
Topical term or geographic name entry element Missionaries United States Biography.
Holdings
Withdrawn status Lost status Damaged status Not for loan Home library Current library Shelving location Date acquired Total Checkouts Full call number Barcode Date last seen Price effective from Koha item type
        GETS Theological Seminary Library GETS Theological Seminary Library General Stacks 08/26/2020   BV3415 .L495 2011 00009273 08/26/2020 08/26/2020 Chinese Book
OpacCredits

Contact the Librarian, GETS Library
Email: library@mygets.org









Implemented by GETS Library
(Powered by ETCA Professional Group)
GETS Theological Seminary
412 E. Rowland Street, CA 91723